Výročná správa obce a konsolidovaná výročná správa obce

Obec zostavuje výročnú správu, ktorá nadväzuje a rozširuje údaje vykazované v jej zostavenej individuálnej účtovnej závierke za príslušné účtovné obdobie. Individuálna účtovná závierka obce vykazuje skutočnosti za určité obdobie, ktoré sú predmetom jej účtovníctva a sú poskytované širokej verejnosti...

Descrizione completa

Salvato in:
Dettagli Bibliografici
Autore principale: Jakubíková, Hana
Natura: Capitolo di libro
Lingua:slovacco
Soggetti:
Tags: Aggiungi Tag
Nessun Tag, puoi essere il primo ad aggiungerne!!

MARC

LEADER 00000naa a2200000 4500
001 0206858
005 20240502073432.3
041 0 |a slo 
044 |a SK 
245 1 0 |a Výročná správa obce a konsolidovaná výročná správa obce  |c Hana Jakubíková 
520 |a Obec zostavuje výročnú správu, ktorá nadväzuje a rozširuje údaje vykazované v jej zostavenej individuálnej účtovnej závierke za príslušné účtovné obdobie. Individuálna účtovná závierka obce vykazuje skutočnosti za určité obdobie, ktoré sú predmetom jej účtovníctva a sú poskytované širokej verejnosti používateľom, a to prostredníctvom jej uloženia v registri účtovných závierok. 
610 2 0 |a obce 
610 2 0 |a správy výročné 
610 2 0 |a závierka účtovná 
610 2 0 |a závierka účtovná konsolidovaná 
100 1 |a Jakubíková, Hana